[Event "DVM U16w 2021"]
[Site "Berlin GER"]
[Date "2022.05.01"]
[Round "4"]
[White "Alferova, Emily"]
[Black "Racky, Selina"]
[Result "1/2-1/2"]
[Termination "normal"]
[Board "5.1"]
[WhiteElo "1514"]
[BlackElo "1409"]
[WhiteClock "00:18:32"]
[BlackClock "00:53:09"]
[WhiteTeam "SC Garching 1980 e.V."]
[BlackTeam "SC Borussia Lichtenberg"]
[PlyCount "96"]
[WhiteFideId "16265904"]
[BlackFideId "16239440"]
[EventCountry "GER"]
[EventRounds "7"]
[EventType "team-swiss"]
[EventDate "2022.04.29"]

1. d4 {[%clk 1:30:58]} d5 {[%clk 1:30:29]} 2. Nf3 {[%clk 1:31:23]} Nf6 {[%clk
1:30:54]} 3. e3 {[%clk 1:31:49]} Bf5 {[%clk 1:31:14]} 4. Bd3 {[%clk 1:32:13]}
Bxd3 {[%clk 1:31:38]} 5. Qxd3 {[%clk 1:32:39]} c6 {[%clk 1:31:55]} 6. Nbd2
{[%clk 1:32:06]} e6 {[%clk 1:32:13]} 7. c3 {[%clk 1:29:19]} Bd6 {[%clk
1:32:11]} 8. e4 {[%clk 1:29:29]} dxe4 {[%clk 1:32:02]} 9. Nxe4 {[%clk 1:29:53]}
Nxe4 {[%clk 1:32:27]} 10. Qxe4 {[%clk 1:30:17]} Nd7 {[%clk 1:26:07]} 11. Bd2
{[%clk 1:24:54]} h6 {[%clk 1:21:42]} 12. h3 {[%clk 1:14:51]} Nf6 {[%clk
1:18:45]} 13. Qe2 {[%clk 1:12:02]} Qc7 {[%clk 1:16:33]} 14. Be3 {[%clk
1:09:41]} O-O {[%clk 1:12:16]} 15. O-O {[%clk 1:08:34]} c5 {[%clk 1:12:01]} 16.
dxc5 {[%clk 1:03:46]} Bxc5 {[%clk 1:12:20]} 17. Bxc5 {[%clk 1:03:55]} Qxc5
{[%clk 1:12:17]} 18. Rad1 {[%clk 1:02:20]} Rfd8 {[%clk 1:07:59]} 19. Rd2 {[%clk
0:55:21]} Rxd2 {[%clk 1:04:02]} 20. Qxd2 {[%clk 0:55:02]} Qd5 {[%clk 1:04:10]}
21. Qxd5 {[%clk 0:53:49]} Nxd5 {[%clk 1:04:31]} 22. Rd1 {[%clk 0:53:47]} Rc8
{[%clk 1:04:01]} 23. Rd4 {[%clk 0:50:42]} b5 {[%clk 1:00:21]} 24. Kf1 {[%clk
0:46:06]} Kf8 {[%clk 0:54:45]} 25. g3 {[%clk 0:42:04]} Ke7 {[%clk 0:54:36]} 26.
Nd2 {[%clk 0:38:06]} Nb6 {[%clk 0:54:23]} 27. Ke1 {[%clk 0:18:52]} Na4 {[%clk
0:53:55]} 28. Rb4 {[%clk 0:19:14]} a6 {[%clk 0:54:18]} 29. Kd1 {[%clk 0:14:34]}
Nc5 {[%clk 0:53:08]} 30. Kc2 {[%clk 0:11:04]} Rd8 {[%clk 0:50:35]} 31. Rd4
{[%clk 0:10:10]} Rxd4 {[%clk 0:49:27]} 32. cxd4 {[%clk 0:10:35]} Nb7 {[%clk
0:49:29]} 33. Ne4 {[%clk 0:09:13]} a5 {[%clk 0:46:38]} 34. a3 {[%clk 0:06:16]}
Kd7 {[%clk 0:45:50]} 35. Nc5+ {[%clk 0:04:18]} Kc6 {[%clk 0:45:53]} 36. Nxb7
Kxb7 {[%clk 0:46:14]} 37. b4 {[%clk 0:02:54]} axb4 {[%clk 0:46:18]} 38. axb4
{[%clk 0:03:20]} Kc6 {[%clk 0:46:40]} 39. Kc3 {[%clk 0:03:30]} Kd5 {[%clk
0:46:57]} 40. Kd3 {[%clk 0:03:54]} f5 41. f3 {[%clk 0:00:55]} e5 {[%clk
0:44:15]} 42. dxe5 {[%clk 0:00:58]} Kxe5 {[%clk 0:44:42]} 43. h4 {[%clk
0:20:02]} g5 {[%clk 1:13:28]} 44. hxg5 {[%clk 0:17:51]} hxg5 {[%clk 1:13:50]}
45. Ke3 {[%clk 0:17:28]} f4+ {[%clk 0:57:13]} 46. gxf4+ {[%clk 0:17:49]} gxf4+
{[%clk 0:57:39]} 47. Kd3 {[%clk 0:18:10]} Kd5 {[%clk 0:55:40]} 48. Kc3 {[%clk
0:18:32]} Ke5 {[%clk 0:53:09]} 1/2-1/2

[Event "DVM U16w 2021"]
[Site "Berlin GER"]
[Date "2022.05.01"]
[Round "4"]
[White "Berghold, Lotta"]
[Black "Frowein, Katja"]
[Result "1-0"]
[Termination "normal"]
[Board "5.2"]
[WhiteElo "1482"]
[BlackElo "1385"]
[WhiteClock "00:03:09"]
[BlackClock "00:00:55"]
[WhiteTeam "SC Borussia Lichtenberg"]
[BlackTeam "SC Garching 1980 e.V."]
[PlyCount "81"]
[WhiteFideId "16243463"]
[BlackFideId "16282949"]
[EventCountry "GER"]
[EventRounds "7"]
[EventType "team-swiss"]
[EventDate "2022.04.29"]

1. d4 {[%clk 1:30:59]} d5 {[%clk 1:30:56]} 2. Nf3 {[%clk 1:31:24]} e6 {[%clk
1:31:19]} 3. e3 {[%clk 1:31:51]} Nf6 {[%clk 1:31:42]} 4. Bd3 {[%clk 1:29:45]}
Bd6 {[%clk 1:31:59]} 5. Nbd2 {[%clk 1:30:09]} O-O {[%clk 1:32:16]} 6. O-O
{[%clk 1:30:32]} c5 {[%clk 1:32:35]} 7. c3 {[%clk 1:30:58]} c4 {[%clk 1:32:08]}
8. Bc2 {[%clk 1:31:23]} Nc6 {[%clk 1:32:08]} 9. e4 {[%clk 1:26:53]} dxe4 {[%clk
1:20:14]} 10. Nxe4 {[%clk 1:27:18]} Nxe4 {[%clk 1:19:30]} 11. Bxe4 {[%clk
1:27:43]} Qc7 {[%clk 1:18:17]} 12. Qe2 {[%clk 1:21:35]} Ne7 {[%clk 1:09:33]}
13. h3 {[%clk 1:13:25]} f5 {[%clk 1:06:21]} 14. Bc2 {[%clk 1:13:45]} h6 {[%clk
1:05:33]} 15. Nd2 {[%clk 1:06:32]} b5 {[%clk 0:46:13]} 16. a4 {[%clk 1:06:13]}
Rf6 {[%clk 0:43:43]} 17. axb5 {[%clk 1:01:46]} Bb7 {[%clk 0:42:30]} 18. Qxc4
{[%clk 0:55:18]} Rg6 {[%clk 0:34:35]} 19. f3 {[%clk 0:52:59]} Bh2+ {[%clk
0:32:40]} 20. Kh1 {[%clk 0:53:17]} Qg3 {[%clk 0:32:40]} 21. Qe2 {[%clk
0:53:32]} Nd5 {[%clk 0:30:13]} 22. Nc4 {[%clk 0:51:12]} Re8 {[%clk 0:26:24]}
23. Bxf5 {[%clk 0:38:46]} Rf6 {[%clk 0:25:52]} 24. Be4 {[%clk 0:39:08]} Ref8
{[%clk 0:18:16]} 25. Ne5 {[%clk 0:36:23]} Rd8 {[%clk 0:16:36]} 26. Qe1 {[%clk
0:29:04]} Bc8 {[%clk 0:14:56]} 27. Qxg3 Bxg3 28. Rxa7 {[%clk 0:18:26]} Nb6
{[%clk 0:09:37]} 29. Nc6 {[%clk 0:15:54]} Re8 {[%clk 0:07:06]} 30. Rd1 {[%clk
0:09:36]} Nd5 {[%clk 0:03:18]} 31. c4 {[%clk 0:08:51]} Nb6 {[%clk 0:01:53]} 32.
b3 {[%clk 0:09:06]} Ref8 {[%clk 0:00:53]} 33. Ne7+ {[%clk 0:08:32]} Kh8 {[%clk
0:00:34]} 34. Ng6+ {[%clk 0:08:51]} Kg8 {[%clk 0:00:56]} 35. Nxf8 {[%clk
0:09:15]} Rxf8 {[%clk 0:00:43]} 36. Ba3 {[%clk 0:06:06]} Rf6 {[%clk 0:00:32]}
37. Bc5 {[%clk 0:05:09]} Bb8 {[%clk 0:00:40]} 38. Bxb6 {[%clk 0:03:32]} e5
{[%clk 0:00:58]} 39. Re7 {[%clk 0:02:32]} Rxb6 {[%clk 0:00:32]} 40. Re8+ {[%clk
0:02:53]} Kf7 {[%clk 0:00:55]} 41. Rxc8 {[%clk 0:03:09]} 1-0

[Event "DVM U16w 2021"]
[Site "Berlin GER"]
[Date "2022.05.01"]
[Round "4"]
[White "Muhina, Alina"]
[Black "Hafermann, Lara"]
[Result "1-0"]
[Termination "normal"]
[Board "5.3"]
[WhiteElo "1153"]
[BlackElo "1384"]
[WhiteClock "00:49:19"]
[BlackClock "00:17:49"]
[WhiteTeam "SC Garching 1980 e.V."]
[BlackTeam "SC Borussia Lichtenberg"]
[PlyCount "109"]
[WhiteFideId "16298322"]
[BlackFideId "16298306"]
[EventCountry "GER"]
[EventRounds "7"]
[EventType "team-swiss"]
[EventDate "2022.04.29"]

1. e4 {[%clk 1:30:58]} b6 {[%clk 1:30:52]} 2. d4 {[%clk 1:31:21]} Bb7 {[%clk
1:31:18]} 3. Nc3 {[%clk 1:31:43]} e6 {[%clk 1:31:36]} 4. Bd3 {[%clk 1:31:46]}
Nf6 {[%clk 1:31:54]} 5. Bg5 {[%clk 1:31:32]} h6 {[%clk 1:32:12]} 6. Bh4 {[%clk
1:31:39]} g5 {[%clk 1:31:24]} 7. Bg3 {[%clk 1:31:56]} Bb4 {[%clk 1:31:42]} 8.
f3 {[%clk 1:32:11]} Nh5 {[%clk 1:29:19]} 9. Nge2 {[%clk 1:31:28]} Nxg3 {[%clk
1:29:20]} 10. Nxg3 {[%clk 1:31:52]} Bxc3+ {[%clk 1:29:18]} 11. bxc3 {[%clk
1:32:13]} Qe7 {[%clk 1:27:30]} 12. O-O {[%clk 1:31:30]} Nc6 {[%clk 1:26:31]}
13. d5 {[%clk 1:30:37]} Ne5 {[%clk 1:25:44]} 14. dxe6 {[%clk 1:28:04]} fxe6
{[%clk 1:24:45]} 15. Kh1 {[%clk 1:28:04]} O-O-O {[%clk 1:22:38]} 16. Qe2 {[%clk
1:27:49]} h5 {[%clk 1:19:23]} 17. f4 {[%clk 1:24:26]} h4 {[%clk 1:16:50]} 18.
Nh5 {[%clk 1:20:39]} g4 {[%clk 1:15:35]} 19. fxe5 {[%clk 1:20:41]} Rxh5 {[%clk
1:15:53]} 20. Ba6 {[%clk 1:17:03]} Qg5 {[%clk 1:11:05]} 21. a4 {[%clk 1:12:43]}
Qxe5 {[%clk 1:06:16]} 22. a5 {[%clk 1:12:37]} b5 {[%clk 1:05:43]} 23. Bxb7+
{[%clk 1:12:21]} Kxb7 24. a6+ {[%clk 1:12:21]} Kc6 {[%clk 1:00:26]} 25. Ra5
{[%clk 1:10:13]} Qxc3 {[%clk 0:56:40]} 26. Rfa1 {[%clk 1:08:40]} Rg5 {[%clk
0:49:22]} 27. R5a3 {[%clk 1:04:31]} Qc4 {[%clk 0:49:08]} 28. Qe3 {[%clk
1:02:36]} Qc5 {[%clk 0:49:27]} 29. Rc3 {[%clk 1:02:18]} Rf8 {[%clk 0:45:51]}
30. Rxc5+ {[%clk 1:01:47]} Rxc5 {[%clk 0:46:09]} 31. c3 {[%clk 1:01:14]} h3
{[%clk 0:43:44]} 32. e5 {[%clk 0:57:17]} Rf5 {[%clk 0:40:55]} 33. Qe4+ {[%clk
0:57:29]} Rd5 {[%clk 0:40:59]} 34. c4 {[%clk 0:57:46]} bxc4 {[%clk 0:41:00]}
35. Qxc4+ {[%clk 0:58:06]} Rc5 {[%clk 0:40:51]} 36. Qa4+ {[%clk 0:58:04]} Rb5
{[%clk 0:40:18]} 37. Rc1+ {[%clk 0:57:26]} Kb6 {[%clk 0:39:09]} 38. Qd4+ {[%clk
0:57:08]} Kxa6 {[%clk 0:37:42]} 39. Ra1+ {[%clk 0:56:16]} Kb7 {[%clk 0:35:38]}
40. Qxa7+ {[%clk 0:56:23]} Kc6 {[%clk 0:34:48]} 41. Rc1+ {[%clk 0:55:57]} Kd5
{[%clk 0:34:30]} 42. Qa2+ {[%clk 0:51:19]} Kxe5 {[%clk 0:33:53]} 43. Qa1+
{[%clk 0:51:42]} Kd6 {[%clk 0:32:44]} 44. Rd1+ {[%clk 0:51:06]} Kc6 {[%clk
0:30:30]} 45. Qa6+ {[%clk 0:49:28]} Kc5 {[%clk 0:26:59]} 46. Rc1+ {[%clk
0:48:29]} Kb4 {[%clk 0:23:27]} 47. Rb1+ {[%clk 0:48:14]} Kc4 {[%clk 0:23:46]}
48. Qa4+ {[%clk 0:48:39]} Kd3 {[%clk 0:23:35]} 49. Rd1+ {[%clk 0:48:53]} Kc3
{[%clk 0:20:19]} 50. Qd4+ {[%clk 0:49:04]} Kc2 51. Qd3+ {[%clk 0:48:45]} Kb2
{[%clk 0:17:24]} 52. Rd2+ {[%clk 0:48:11]} Ka1 {[%clk 0:17:23]} 53. Qc3+ {[%clk
0:48:28]} Kb1 {[%clk 0:17:30]} 54. Qc2+ {[%clk 0:48:53]} Ka1 {[%clk 0:17:49]}
55. Qa2# {[%clk 0:49:19]} 1-0

[Event "DVM U16w 2021"]
[Site "Berlin GER"]
[Date "2022.05.01"]
[Round "4"]
[White "Reich, Elisabeth"]
[Black "Jacobasch, Ronja"]
[Result "1/2-1/2"]
[Termination "normal"]
[Board "6.1"]
[WhiteElo "1490"]
[BlackElo "1441"]
[WhiteClock "01:10:44"]
[BlackClock "00:11:08"]
[WhiteTeam "ATSV Oberkotzau"]
[BlackTeam "Schachgemeinschaft Leipzig"]
[PlyCount "102"]
[WhiteFideId "16239776"]
[BlackFideId "34604340"]
[EventCountry "GER"]
[EventRounds "7"]
[EventType "team-swiss"]
[EventDate "2022.04.29"]

1. e4 {[%clk 1:30:57]} d6 {[%clk 1:30:52]} 2. d3 {[%clk 1:31:23]} Nf6 {[%clk
1:31:04]} 3. Nf3 {[%clk 1:31:47]} g6 {[%clk 1:31:13]} 4. g3 {[%clk 1:32:12]}
Bg7 {[%clk 1:31:28]} 5. Bg2 {[%clk 1:32:31]} O-O {[%clk 1:31:50]} 6. O-O {[%clk
1:32:32]} c5 {[%clk 1:31:02]} 7. a4 {[%clk 1:32:34]} Nc6 {[%clk 1:30:07]} 8.
Nbd2 {[%clk 1:32:27]} Bd7 {[%clk 1:23:59]} 9. Nh4 {[%clk 1:30:27]} a6 {[%clk
1:20:02]} 10. Rb1 {[%clk 1:28:46]} Ra7 {[%clk 1:15:37]} 11. b3 {[%clk 1:27:09]}
b5 {[%clk 1:10:10]} 12. axb5 {[%clk 1:27:04]} axb5 {[%clk 1:09:58]} 13. Bb2
{[%clk 1:26:56]} Bg4 {[%clk 1:01:09]} 14. f3 {[%clk 1:25:35]} Be6 {[%clk
0:59:49]} 15. f4 {[%clk 1:23:00]} Qc7 {[%clk 0:54:14]} 16. h3 {[%clk 1:21:16]}
Bc8 {[%clk 0:40:37]} 17. g4 {[%clk 1:19:42]} e5 {[%clk 0:39:58]} 18. g5 {[%clk
1:17:26]} Nh5 {[%clk 0:36:48]} 19. f5 {[%clk 1:16:27]} Re8 {[%clk 0:33:51]} 20.
f6 {[%clk 1:15:37]} Bf8 {[%clk 0:33:57]} 21. Nhf3 {[%clk 1:09:13]} Nf4 {[%clk
0:31:56]} 22. h4 {[%clk 1:09:00]} Qd7 {[%clk 0:27:58]} 23. Nh2 {[%clk 1:07:33]}
Nxg2 {[%clk 0:27:33]} 24. Kxg2 {[%clk 1:08:02]} Qh3+ {[%clk 0:26:28]} 25. Kh1
{[%clk 1:08:23]} Qxh4 {[%clk 0:24:48]} 26. Ndf3 {[%clk 1:08:23]} Qh3 {[%clk
0:24:18]} 27. Ra1 {[%clk 1:06:36]} Qd7 {[%clk 0:22:18]} 28. Qd2 {[%clk
1:05:17]} Rxa1 {[%clk 0:20:30]} 29. Rxa1 {[%clk 1:05:24]} d5 {[%clk 0:18:45]}
30. exd5 {[%clk 1:04:07]} Qxd5 {[%clk 0:17:58]} 31. Kg1 {[%clk 1:03:11]} Bf5
{[%clk 0:14:13]} 32. Qg2 {[%clk 0:59:17]} Qd7 {[%clk 0:11:01]} 33. Qg3 {[%clk
0:54:54]} e4 {[%clk 0:09:50]} 34. dxe4 {[%clk 0:54:42]} Bxe4 {[%clk 0:09:24]}
35. Ng4 {[%clk 0:53:35]} Bxf3 {[%clk 0:05:52]} 36. Qxf3 {[%clk 0:53:48]} Nd4
37. Qg2 {[%clk 0:46:52]} Qd6 {[%clk 0:03:10]} 38. Kh1 Qc6 {[%clk 0:02:21]} 39.
Bxd4 {[%clk 0:43:02]} Qxg2+ {[%clk 0:02:46]} 40. Kxg2 {[%clk 0:43:30]} cxd4
{[%clk 0:03:09]} 41. Nh6+ {[%clk 0:43:13]} Bxh6 {[%clk 0:03:13]} 42. gxh6
{[%clk 0:43:41]} Kf8 {[%clk 0:02:57]} 43. Kf1 {[%clk 0:43:55]} Rd8 {[%clk
0:00:42]} 44. Ke2 {[%clk 0:43:42]} Ke8 {[%clk 0:00:49]} 45. Ra6 {[%clk
0:42:14]} Rd5 {[%clk 0:20:36]} 46. Ra8+ {[%clk 1:12:07]} Kd7 {[%clk 0:20:57]}
47. Rh8 {[%clk 1:11:52]} Ke6 {[%clk 0:20:22]} 48. Rxh7 {[%clk 1:12:12]} Rh5
{[%clk 0:20:29]} 49. Kd3 {[%clk 1:12:15]} Rh4 {[%clk 0:20:21]} 50. b4 {[%clk
1:10:39]} Kxf6 {[%clk 0:20:18]} 51. Rh8 {[%clk 1:10:44]} g5 {[%clk 0:11:08]}
1/2-1/2

[Event "DVM U16w 2021"]
[Site "Berlin GER"]
[Date "2022.05.01"]
[Round "4"]
[White "Halas, Neele Zoe"]
[Black "Hergenröder, Cora"]
[Result "1/2-1/2"]
[Termination "normal"]
[Board "6.2"]
[WhiteElo "1422"]
[BlackElo "1437"]
[WhiteClock "00:20:44"]
[BlackClock "00:11:43"]
[WhiteTeam "Schachgemeinschaft Leipzig"]
[BlackTeam "ATSV Oberkotzau"]
[PlyCount "80"]
[WhiteFideId "16287282"]
[BlackFideId "34603700"]
[EventCountry "GER"]
[EventRounds "7"]
[EventType "team-swiss"]
[EventDate "2022.04.29"]

1. e4 {[%clk 1:30:59]} c6 {[%clk 1:30:55]} 2. d4 {[%clk 1:31:23]} d5 {[%clk
1:31:19]} 3. exd5 {[%clk 1:31:47]} cxd5 {[%clk 1:31:43]} 4. Bd3 {[%clk
1:32:04]} Nf6 {[%clk 1:31:53]} 5. Nf3 Nc6 {[%clk 1:32:02]} 6. c3 {[%clk
1:32:35]} Qc7 {[%clk 1:32:13]} 7. O-O {[%clk 1:32:26]} Bg4 {[%clk 1:32:29]} 8.
Nbd2 {[%clk 1:32:49]} e6 {[%clk 1:32:11]} 9. Qc2 {[%clk 1:32:36]} Bd6 {[%clk
1:31:41]} 10. h3 {[%clk 1:32:39]} Bh5 {[%clk 1:31:58]} 11. Re1 {[%clk 1:32:12]}
O-O {[%clk 1:29:07]} 12. Be2 {[%clk 1:27:17]} Bg6 {[%clk 1:19:50]} 13. Bd3 Rac8
{[%clk 1:20:15]} 14. Bxg6 {[%clk 1:26:05]} hxg6 {[%clk 1:18:12]} 15. Nf1 {[%clk
1:18:47]} Rfe8 {[%clk 1:12:05]} 16. Bd2 {[%clk 1:15:12]} Qb6 {[%clk 1:11:43]}
17. Qb1 {[%clk 1:12:31]} Na5 {[%clk 1:03:25]} 18. Bc1 {[%clk 1:12:30]} Ne4
{[%clk 1:02:30]} 19. N1d2 {[%clk 1:12:44]} Nxd2 20. Nxd2 Re7 {[%clk 0:50:57]}
21. g3 {[%clk 1:09:59]} Rec7 {[%clk 0:50:18]} 22. Kg2 {[%clk 1:08:16]} Nc4
{[%clk 0:48:41]} 23. Nxc4 {[%clk 1:08:04]} Rxc4 {[%clk 0:48:58]} 24. Be3 {[%clk
1:06:39]} a5 {[%clk 0:48:52]} 25. a3 {[%clk 1:05:29]} R4c6 {[%clk 0:41:16]} 26.
Re2 {[%clk 1:02:17]} Qa6 {[%clk 0:39:56]} 27. Qd1 {[%clk 1:01:38]} Rb6 {[%clk
0:38:42]} 28. Qf1 {[%clk 0:55:59]} Rb3 {[%clk 0:38:00]} 29. Rc2 {[%clk
0:53:15]} Qxf1+ {[%clk 0:31:26]} 30. Rxf1 {[%clk 0:51:03]} a4 {[%clk 0:31:41]}
31. Bc1 {[%clk 0:49:57]} Rc4 {[%clk 0:29:52]} 32. Re2 {[%clk 0:47:38]} Kf8
{[%clk 0:28:35]} 33. Rfe1 {[%clk 0:44:21]} Ke7 {[%clk 0:26:18]} 34. Bg5+ {[%clk
0:43:21]} Kd7 {[%clk 0:26:10]} 35. Bc1 {[%clk 0:43:16]} Kd8 {[%clk 0:21:11]}
36. Re3 {[%clk 0:40:25]} Be7 {[%clk 0:20:34]} 37. Rf3 {[%clk 0:33:37]} Bf6
{[%clk 0:19:05]} 38. h4 Rc8 39. Rh1 {[%clk 0:23:00]} Ke7 {[%clk 0:13:24]} 40.
g4 {[%clk 0:20:44]} Ke8 {[%clk 0:11:43]} 1/2-1/2

[Event "DVM U16w 2021"]
[Site "Berlin GER"]
[Date "2022.05.01"]
[Round "4"]
[White "Leuchsenring, Delia"]
[Black "Amelang, Jamie Alice"]
[Result "1-0"]
[Termination "normal"]
[Board "6.3"]
[WhiteElo "1115"]
[BlackElo "1080"]
[WhiteClock "00:38:17"]
[BlackClock "00:37:10"]
[WhiteTeam "ATSV Oberkotzau"]
[BlackTeam "Schachgemeinschaft Leipzig"]
[PlyCount "110"]
[WhiteFideId "34605304"]
[BlackFideId "34605754"]
[EventCountry "GER"]
[EventRounds "7"]
[EventType "team-swiss"]
[EventDate "2022.04.29"]

1. e4 {[%clk 1:30:58]} e5 {[%clk 1:30:54]} 2. Nf3 {[%clk 1:31:22]} d6 {[%clk
1:31:19]} 3. Nc3 {[%clk 1:31:37]} Nd7 {[%clk 1:31:27]} 4. d4 {[%clk 1:31:12]}
Ngf6 {[%clk 1:31:33]} 5. Bc4 {[%clk 1:30:33]} Be7 {[%clk 1:30:48]} 6. O-O
{[%clk 1:30:08]} O-O {[%clk 1:30:32]} 7. Re1 {[%clk 1:25:07]} c6 {[%clk
1:26:04]} 8. Bb3 {[%clk 1:20:31]} Nb6 {[%clk 1:20:59]} 9. h3 {[%clk 1:19:15]}
Re8 {[%clk 1:17:45]} 10. Ng5 {[%clk 1:18:15]} Rf8 {[%clk 1:17:05]} 11. Nf3
{[%clk 1:17:07]} Re8 {[%clk 1:17:23]} 12. dxe5 {[%clk 1:17:07]} dxe5 {[%clk
1:14:11]} 13. Nxe5 {[%clk 1:17:13]} Be6 {[%clk 1:13:13]} 14. Qf3 {[%clk
1:11:53]} Bxb3 {[%clk 1:12:27]} 15. axb3 {[%clk 1:11:57]} Qc7 {[%clk 1:12:11]}
16. Ng4 {[%clk 1:09:14]} Nxg4 {[%clk 1:11:37]} 17. Qxg4 {[%clk 1:09:32]} g6
{[%clk 1:08:35]} 18. h4 {[%clk 1:08:47]} Qe5 {[%clk 0:57:02]} 19. Bf4 {[%clk
1:07:09]} Qf6 {[%clk 0:52:28]} 20. h5 {[%clk 1:05:01]} Qh4 {[%clk 0:51:40]} 21.
Qxh4 {[%clk 0:59:09]} Bxh4 {[%clk 0:52:02]} 22. h6 {[%clk 0:58:43]} a6 {[%clk
0:51:02]} 23. Rad1 {[%clk 0:58:15]} Be7 {[%clk 0:48:25]} 24. Be3 {[%clk
0:57:45]} Nc8 {[%clk 0:48:19]} 25. Rd7 {[%clk 0:56:50]} b5 {[%clk 0:46:46]} 26.
Rc7 {[%clk 0:53:50]} b4 {[%clk 0:46:29]} 27. Ne2 {[%clk 0:53:16]} Bd6 {[%clk
0:46:10]} 28. Rxc6 {[%clk 0:52:17]} Rxe4 {[%clk 0:46:01]} 29. Ng3 {[%clk
0:51:57]} Re8 {[%clk 0:41:16]} 30. Rd1 {[%clk 0:51:03]} Bxg3 {[%clk 0:40:48]}
31. fxg3 {[%clk 0:51:23]} Ne7 {[%clk 0:39:12]} 32. Rc4 {[%clk 0:49:32]} Nf5
{[%clk 0:38:30]} 33. Bf4 {[%clk 0:49:28]} Re2 {[%clk 0:36:29]} 34. g4 {[%clk
0:47:59]} Ne3 {[%clk 0:34:57]} 35. Bxe3 {[%clk 0:47:49]} Rxe3 {[%clk 0:35:09]}
36. Rxb4 {[%clk 0:47:38]} Rae8 {[%clk 0:34:40]} 37. Rbd4 {[%clk 0:43:07]} f6
{[%clk 0:34:51]} 38. b4 {[%clk 0:41:34]} Re1+ {[%clk 0:34:41]} 39. Rxe1 {[%clk
0:41:37]} Rxe1+ {[%clk 0:35:04]} 40. Kf2 {[%clk 0:42:00]} Rc1 {[%clk 0:34:57]}
41. Rd2 {[%clk 0:39:59]} Rb1 {[%clk 0:34:41]} 42. c4 {[%clk 0:39:54]} Rc1
{[%clk 0:34:41]} 43. c5 {[%clk 0:39:51]} Rc4 {[%clk 0:34:57]} 44. Rd8+ {[%clk
0:39:37]} Kf7 {[%clk 0:35:15]} 45. Rb8 {[%clk 0:39:47]} Rxg4 {[%clk 0:35:28]}
46. b5 {[%clk 0:38:23]} axb5 {[%clk 0:35:53]} 47. Rxb5 {[%clk 0:38:07]} Rc4
{[%clk 0:36:04]} 48. b4 {[%clk 0:38:12]} Rc2+ {[%clk 0:36:23]} 49. Kg3 {[%clk
0:38:24]} Rc3+ {[%clk 0:36:30]} 50. Kh2 {[%clk 0:38:41]} Rc4 {[%clk 0:36:53]}
51. Rb6 {[%clk 0:38:37]} Ke7 {[%clk 0:37:01]} 52. c6 {[%clk 0:38:45]} Kd6
{[%clk 0:37:07]} 53. Rb7 {[%clk 0:37:48]} Rxc6 {[%clk 0:36:37]} 54. Rxh7 {[%clk
0:37:55]} Rc7 {[%clk 0:36:48]} 55. Rxc7 {[%clk 0:38:17]} Kxc7 {[%clk 0:37:10]}
1-0

[Event "DVM U16w 2021"]
[Site "Berlin GER"]
[Date "2022.05.01"]
[Round "4"]
[White "Bacakova, Klara"]
[Black "Köppel, Clementine"]
[Result "0-1"]
[Termination "normal"]
[Board "6.4"]
[WhiteElo "1128"]
[BlackElo "1178"]
[WhiteClock "00:49:39"]
[BlackClock "00:46:42"]
[WhiteTeam "Schachgemeinschaft Leipzig"]
[BlackTeam "ATSV Oberkotzau"]
[PlyCount "86"]
[WhiteFideId "34605762"]
[BlackFideId "34605819"]
[EventCountry "GER"]
[EventRounds "7"]
[EventType "team-swiss"]
[EventDate "2022.04.29"]

1. e4 {[%clk 1:30:55]} e5 {[%clk 1:30:55]} 2. Nf3 {[%clk 1:31:13]} Nf6 {[%clk
1:31:13]} 3. d4 {[%clk 1:31:20]} exd4 {[%clk 1:30:52]} 4. e5 {[%clk 1:29:17]}
Ng4 {[%clk 1:27:15]} 5. h3 {[%clk 1:27:39]} Nh6 {[%clk 1:26:05]} 6. Nxd4 {[%clk
1:26:39]} Bc5 {[%clk 1:24:17]} 7. Nf3 {[%clk 1:26:17]} d6 {[%clk 1:18:26]} 8.
exd6 {[%clk 1:25:12]} Qxd6 {[%clk 1:17:55]} 9. Qe2+ {[%clk 1:21:47]} Be6 {[%clk
1:15:23]} 10. Bxh6 {[%clk 1:14:05]} gxh6 {[%clk 1:15:44]} 11. Nc3 {[%clk
1:12:37]} Nc6 {[%clk 1:14:56]} 12. Ne4 {[%clk 1:10:50]} Qe7 {[%clk 1:11:36]}
13. Qb5 {[%clk 1:07:40]} Bf5 {[%clk 1:08:11]} 14. Kd1 {[%clk 1:06:37]} Bxe4
{[%clk 1:07:43]} 15. Qxb7 {[%clk 1:06:16]} Rd8+ {[%clk 1:06:19]} 16. Kc1 {[%clk
1:04:59]} Bxf3 {[%clk 1:04:36]} 17. Bb5 {[%clk 1:04:42]} Bxg2 {[%clk 0:59:54]}
18. Bxc6+ {[%clk 1:04:11]} Bxc6 {[%clk 1:00:16]} 19. Qxc6+ {[%clk 1:04:34]} Qd7
{[%clk 1:00:02]} 20. Qe4+ {[%clk 1:04:08]} Be7 {[%clk 0:59:21]} 21. b3 {[%clk
1:03:57]} Qd5 {[%clk 0:56:35]} 22. Re1 {[%clk 1:03:40]} Qxe4 {[%clk 0:56:57]}
23. Rxe4 {[%clk 1:03:57]} Rg8 {[%clk 0:56:54]} 24. Kb2 {[%clk 1:04:11]} Kf8
{[%clk 0:57:04]} 25. Rae1 {[%clk 1:04:03]} Bf6+ 26. Ka3 Rg2 {[%clk 0:52:03]}
27. R1e2 {[%clk 0:59:46]} Rh2 {[%clk 0:50:11]} 28. Rf4 {[%clk 0:56:36]} Bg5
{[%clk 0:48:27]} 29. Rf3 {[%clk 0:55:58]} Re8 {[%clk 0:48:33]} 30. Rxe8+ {[%clk
0:55:50]} Kxe8 {[%clk 0:49:00]} 31. c4 {[%clk 0:55:34]} Kd8 {[%clk 0:48:30]}
32. Rxf7 {[%clk 0:55:14]} Rxh3 {[%clk 0:48:44]} 33. Rxh7 {[%clk 0:55:16]} Rf3
{[%clk 0:48:53]} 34. Rg7 {[%clk 0:54:11]} Rxf2 {[%clk 0:48:56]} 35. Rg6 {[%clk
0:54:12]} Rf6 {[%clk 0:47:39]} 36. Rg8+ {[%clk 0:52:48]} Kd7 {[%clk 0:47:46]}
37. Ra8 {[%clk 0:52:33]} Ra6+ {[%clk 0:47:24]} 38. Kb2 {[%clk 0:52:38]} h5
{[%clk 0:47:23]} 39. Rg8 {[%clk 0:52:41]} Bf4 {[%clk 0:46:01]} 40. Rg7+ {[%clk
0:51:07]} Kc8 {[%clk 0:45:53]} 41. Rg8+ {[%clk 0:49:48]} Kb7 {[%clk 0:46:02]}
42. Rg7 {[%clk 0:49:48]} Be5+ {[%clk 0:46:19]} 43. Kc2 {[%clk 0:49:39]} Bxg7
{[%clk 0:46:42]} 1/2-1/2

[Event "DVM U16w 2021"]
[Site "Berlin GER"]
[Date "2022.05.01"]
[Round "4"]
[White "Kanno, Clara Yumi"]
[Black "Zöllner, Bente"]
[Result "0-1"]
[Termination "normal"]
[Board "7.1"]
[WhiteElo "1141"]
[BlackElo "1557"]
[WhiteTeam "Schachfreunde Essen-Werden 1924/80 e. V."]
[BlackTeam "SC Papenburg"]
[PlyCount "84"]
[WhiteFideId "16259661"]
[BlackFideId "16230523"]
[EventCountry "GER"]
[EventRounds "7"]
[EventType "team-swiss"]
[EventDate "2022.04.29"]

1. e4 c5 2. Nf3 Nc6 3. c4 Nf6 4. Nc3 d6 5. h3 g6 6. d3 Bg7 7. a3 a6 8. Be3 Rb8
9. d4 cxd4 10. Nxd4 O-O 11. Be2 Bd7 12. O-O Qc7 13. Rc1 Rfc8 14. f4 Qb6 15. Na4
Qa5 16. Nf5 Qd8 17. Bb6 Qe8 18. Ng3 h5 19. Bf3 Nh7 20. Rb1 Ne5 21. fxe5 Bxa4
22. b3 Bxe5 23. Nxh5 Bc6 24. Qd2 gxh5 25. Bxh5 Bf6 26. Rbd1 Ng5 27. Bf3 Nxe4
28. Qf4 Ng5 29. Bh5 Qf8 30. Bg4 Ne6 31. Qe3 Qg7 32. Rd2 Bg5 33. Qe2 Bxd2 34.
Bxe6 Rf8 35. Rf2 Bc3 36. Rf4 Qh6 37. Rg4+ Kh8 38. Qd1 fxe6 39. Bd4+ Bxd4+ 40.
Qxd4+ Qf6 41. Rh4+ Kg7 42. Qg4+ Qg6  0-1